Countries which do not contain any letters from the word "country" - Statistics

General Stats
  • This quiz has been taken 326 times
  • The average score is 5 of 9
Answer Stats
Continent Country % Correct
Oceania Fiji
85%
North America Belize
66%
North America Bahamas
62%
Africa Mali
56%
Africa Zambia
43%
Africa Malawi
42%
Africa Zimbabwe
39%
Africa Gambia
34%
Asia Maldives
33%
No matching quizzes found
Score Distribution
Percent of People with Each Score
Percentile by Number Answered
Your Score History
You have not taken this quiz